000 00932cam a22002771 4500
001 18087
003 BD-RjUL
005 20211209000233.0
008 140219s1948 stk b 001 0 eng
035 _a(BD-RjUL)18145
035 _a(OCoLC)1510612
040 _aDLC
_cMSohG
_dOCoLC
_dDLC
_dBD-RjUL
_beng
041 _aeng
082 0 0 _a821.309
_bITM 1948
100 1 _aItrat-Husain,
_955749
245 1 4 _aThe mystical element in the metaphysical poets of the seventeenth century /
_cItrat-Husain.
260 _aEdinburgh :
_bOliver and Boyd,
_c1948.
300 _a351 p. ;
_c23 cm.
504 _aBibliography: p. 305-345 and index.
650 0 _aEnglish poetry
_yEarly modern, 1500-1700
_xHistory and criticism.
_94392
650 0 _aMetaphysics in literature.
_94157
650 0 _aMysticism in literature.
_954103
651 0 _aGreat Britain
_xIntellectual life
_y17th century.
_955006
942 _2ddc
_cBK
999 _c18087
_d18087